Podi del Festival di Sanremo - anni 1970 - Statistics

Statistiche generali
  • Questo quiz è stato fatto 137 volte
  • Il punteggio medio è 26 su 38
Statistiche sulle risposte
Anno Posizione Canzone Artista % Corretto
1970 Primo Chi non lavora non fa l'amore Adriano Celentano
98%
1971 Terzo 4/3/1943 Lucio Dalla
95%
1978 Terzo Gianna Rino Gaetano
92%
1970 Secondo La prima cosa bella Ricchi e Poveri
91%
1971 Secondo Che sarà Ricchi e Poveri
91%
1970 Primo Chi non lavora non fa l'amore Claudia Mori
90%
1970 Secondo La prima cosa bella Nicola Di Bari
89%
1971 Primo Il cuore è uno zingaro Nicola Di Bari
89%
1972 Primo I giorni dell'arcobaleno Nicola Di Bari
89%
1973 Primo Un grande amore e niente più Peppino di Capri
86%
1976 Primo Non lo faccio più Peppino di Capri
86%
1970 Terzo L'arca di Noè Iva Zanicchi
84%
1974 Primo Ciao cara, come stai? Iva Zanicchi
84%
1977 Primo Bella da morire Homo Sapiens
80%
1978 Secondo Un'emozione da poco Anna Oxa
79%
1971 Primo Il cuore è uno zingaro Nada
78%
1972 Terzo Re di denari Nada
78%
1978 Primo ... e dirsi ciao Matia Bazar
73%
1975 Primo Ragazza del sud Gilda
68%
1979 Primo Amare Mino Vergnaghi
66%
1970 Terzo L'arca di Noè Sergio Endrigo
65%
1971 Secondo Che sarà José Feliciano
62%
1974 Terzo Occhi rossi Orietta Berti
59%
1976 Terzo Gli occhi di tua madre Sandro Giacobbe
58%
1977 Secondo Tu mi rubi l'anima Collage
54%
1974 Secondo Questa è la mia vita Domenico Modugno
54%
1976 Secondo Come stai, con chi sei Dori Ghezzi
49%
1971 Terzo 4/3/1943 Equipe 84
47%
1973 Terzo Da troppo tempo Milva
47%
1972 Secondo Come le viole Peppino Gagliardi
47%
1973 Secondo Come un ragazzino Peppino Gagliardi
47%
1976 Secondo Come stai, con chi sei Wess
47%
1976 Terzo Volo AZ 504 Albatros
45%
1979 Terzo Quell'attimo in più Camaleonti
45%
1977 Terzo Monica Santo California
43%
1979 Secondo Barbara Enzo Carella
40%
1975 Terzo Va speranza va Rosanna Fratello
40%
1975 Secondo Ipocrisia Angela Luce
33%
Nessun quiz corrispondente trovato
Distribuzione punteggi
Percentuale di utenti per punteggio
Percentile per numero di risposta
I tuoi punteggi nel tempo
Non hai fatto questo quiz